000 00499cam a2200193 i 4500
020 _a0194375064 :
040 _cDLC
082 0 0 _a428 OXF 1977 A023 Co.
100 1 _aMountford, Alan.
245 1 0 _aEnglish in agriculture /
250 _aTeacher's ed.
260 _aOxford ;
_aNew York :
_bOxford University Press,
_c1977.
300 _axxi, 156 p. :
_bill. ;
_c24 cm.
490 0 _aEnglish in focus
650 0 _aEnglish language
650 0 _aReaders
650 0 _aAgriculture
942 _cEK
999 _c14047
_d14047